| 000 | 00627nam a2200241Ia 4500 | ||
|---|---|---|---|
| 003 | OSt | ||
| 005 | 20221005084413.0 | ||
| 006 | a|||||r|||| 00| 0 | ||
| 007 | ta | ||
| 008 | 221004b |||||||| |||| 00| 0 eng d | ||
| 024 | _a103396 | ||
| 037 | _cTextual | ||
| 040 |
_aCRL _cCRL _beng |
||
| 041 |
_2eng _aeng |
||
| 082 | _aCN1,21, L4 | ||
| 100 |
_aCallaway Joseph _9613282 |
||
| 245 | 0 | _aQuantum theory of the solid state | |
| 260 |
_aNew York _bAcademic Press _c1974 |
||
| 500 | _aDSK Collection | ||
| 650 | _aPHYSICS | ||
| 942 |
_hCN1,21, L4 _cTEXL _2cc |
||
| 999 |
_c992544 _d992544 |
||